Kacheri kaipidi. (Record no. 86635)
[ view plain ]
| 000 -LEADER | |
|---|---|
| fixed length control field | 00592nam a2200217Ia 4500 |
| 003 - CONTROL NUMBER IDENTIFIER | |
| control field | OSt |
| 005 - DATE AND TIME OF LATEST TRANSACTION | |
| control field | 20250820154247.0 |
| 008 - FIXED-LENGTH DATA ELEMENTS--GENERAL INFORMATION | |
| fixed length control field | 210210b1980 xxu||||| |||| 00| 0 eng d |
| 040 ## - CATALOGING SOURCE | |
| Transcribing agency | AL |
| 041 ## - LANGUAGE CODE | |
| Language code of text/sound track or separate title | Kannada |
| 082 ## - DEWEY DECIMAL CLASSIFICATION NUMBER | |
| Classification number | 651.75K NAYK |
| 100 ## - MAIN ENTRY--PERSONAL NAME | |
| Personal name | NAYAKA (Ha Ma). |
| 9 (RLIN) | 132950 |
| Dates associated with a name | ನಾಯಕ (ಹಾ ಮಾ) |
| 245 ## - TITLE STATEMENT | |
| Title | Kacheri kaipidi. |
| Remainder of title | ಕಚೇರಿ ಕೈಪಿಡಿ |
| 250 ## - EDITION STATEMENT | |
| Edition statement | 5 |
| 260 ## - PUBLICATION, DISTRIBUTION, ETC. | |
| Place of publication, distribution, etc. | Maisuru. |
| Name of publisher, distributor, etc. | Kannada Adhyayana samsthe, |
| Date of publication, distribution, etc. | 1980 |
| 300 ## - PHYSICAL DESCRIPTION | |
| Extent | xv,432 |
| 650 ## - SUBJECT ADDED ENTRY--TOPICAL TERM | |
| Topical term or geographic name entry element | Kacheri Kaipidi |
| 9 (RLIN) | 132951 |
| 690 ## - LOCAL SUBJECT ADDED ENTRY--TOPICAL TERM (OCLC, RLIN) | |
| Topical term or geographic name as entry element | Correspondence |
| 9 (RLIN) | 132952 |
| 906 ## - LOCAL DATA ELEMENT F, LDF (RLIN) | |
| a | 036215 |
| 942 ## - ADDED ENTRY ELEMENTS (KOHA) | |
| Source of classification or shelving scheme | Dewey Decimal Classification |
| Koha item type | Book |
| Withdrawn status | Lost status | Source of classification or shelving scheme | Damaged status | Not for loan | Collection code | Home library | Current library | Shelving location | Date acquired | Source of acquisition | Cost, normal purchase price | Total Checkouts | Full call number | Barcode | Date last seen | Price effective from | Koha item type |
|---|---|---|---|---|---|---|---|---|---|---|---|---|---|---|---|---|---|
| Dewey Decimal Classification | Management | St Aloysius Library | St Aloysius Library | 02/17/2021 | Athree Book Centre, Mangalore-01. | 150.00 | 651.75K NAYK | 036215 | 02/17/2021 | 02/17/2021 | Book | ||||||
| Dewey Decimal Classification | Management | St Aloysius Library | St Aloysius Library | 02/17/2021 | Athree Book Centre, Mangalore-01. | 0.00 | 651.75K NAYK | SG00538 | 02/17/2021 | 02/17/2021 | Special Grants |